| 000 | 00862nam a2200265 a 4500 | ||
|---|---|---|---|
| 001 | 61297 | ||
| 003 | BD-RjUL | ||
| 005 | 20211209080938.0 | ||
| 008 | 170117s1985 enka b 001 0 eng | ||
| 020 |
_a0534045189 : _c$32.95 |
||
| 035 | _a(BD-RjUL)61421 | ||
| 040 |
_aDLC _cDLC _dBD-RjUL _beng |
||
| 041 | _aeng | ||
| 082 | 0 | 0 |
_a658.4012 _223 _bCOS 1985 |
| 100 | 1 |
_aComerford, Robert A., _d1941- _9182816 |
|
| 245 | 1 | 0 |
_aStrategic management : _btext, tools, and cases for business policy / _cRobert A. Comerford, Dennis W. Callaghan. |
| 260 |
_aBoston, Mass. : _bKent Pub. Co., _cc1985. |
||
| 300 |
_axiii, 866 p. : _bill. ; _c25 cm. |
||
| 500 | _aIncludes index. | ||
| 650 | 0 |
_aBusiness planning. _9175243 |
|
| 650 | 0 |
_aBusiness planning _xCase studies. _9182817 |
|
| 700 | 1 |
_aCallaghan, Dennis W. _9182818 |
|
| 942 |
_2ddc _cBK |
||
| 999 |
_c61297 _d61297 |
||